00975cam a2200265Ma 4500001001300000003000900013005001700022008004100039020001500080035002100095040004400116041001300160060001100173245018400184260004400368300003300412650003900445650002300484650003100507700002400538700002000562700001700582700002000599765009000619ocn318158095Co-BoUCM20211112083042.0130821s1978 ag a 000 0 spa d a9500600021 a(OCoLC)318158095 aCo-BoUCMbspacSaul NiñodSaul Niño1 aspaheng aQT 25600aSaltar y brincarbmanual de actividades motrices para desarrollar el equilibrio y la coordinacióncKathleen Abernethy ... [et al.] ; traducción Editorial Médica Panamericana aBuenos AiresbMedica Panamericanac1978 a109 páginasbilustraciones 7aEducación física para niños  7aAprendizaje motor  7aAptitud motora en niños 1 aAbernethy, Kathleen1 aGillard, Harold1 aCowley, Judy1 aWhiteside, John tJumping up and down : manual of motor activities to develop balance and coordination.